Печи для металлургических процессов: Руководство для металлургов, заводчиков, заведывающих заводами и изучающих металлургию

Մատենագիտական մանրամասներ
Հիմնական հեղինակ: Ледебур А. Адольф
Այլ հեղինակներ: Шуппе А. (переводчик)
Ամփոփում:Приложение к "Горному Журналу"
Печатано по распоряжению Горного Ученого Комитета
Текст в русской дореформенной орфографии
Լեզու:ռուսերեն
Հրապարակվել է: Санкт-Петербург, Типография и хромолитография А. Траншель, 1886
Խորագրեր:
Ձևաչափ: MixedMaterials Գիրք
KOHA link:https://koha.lib.tpu.ru/cgi-bin/koha/opac-detail.pl?biblionumber=312461

MARC

LEADER 00000nam0a2200000 4500
001 312461
005 20250616084823.0
035 |a (RuTPU)RU\TPU\book\337830 
090 |a 312461 
100 |a 20151223d1886 k y0rusy50 ca 
101 1 |a rus  |c ger 
102 |a RU 
105 |a y z 000zy 
200 1 |a Печи для металлургических процессов  |e Руководство для металлургов, заводчиков, заведывающих заводами и изучающих металлургию  |f А. Ледебур  |g перевод с немецкого горного инженера А. Шуппе 
210 |a Санкт-Петербург  |c Типография и хромолитография А. Траншель  |d 1886 
215 |a IV, 68 с. 
300 |a Приложение к "Горному Журналу" 
300 |a Печатано по распоряжению Горного Ученого Комитета 
300 |a Текст в русской дореформенной орфографии 
316 |5 63413507: 1171(463)б.к.  |a Владельческий переплет ТТИ 
316 |5 63413507: 9200  |a На титульном листе владельческая подпись: «Романовский» 
317 |5 63413507: 9200  |a Приобретен ТТИ в 1908 г. для Горного отделения В. А. Обручевым и Л. Л. Тове из библиотеки профессора Горного института Г. Д. Романовского 
317 |5 63413507: 47//55  |a Поступила в 1900 году в составе книжного собрания С. Н. Кулибина 
606 |a Металлургические печи  |9 86207 
610 1 |a металлургия 
610 1 |a теория горения 
610 1 |a горение 
610 1 |a процессы 
610 1 |a печи 
610 1 |a виды 
610 1 |a владельческая подпись 
610 1 |a Библиотека Г. Д. Романовского 
610 1 |a Библиотека С. Н. Кулибина 
675 |a 669.041  |v 4 
700 1 |a Ледебур  |b А.  |c немецкий металлург  |c профессор Фрейбергской Горной Академии  |f 1837-1906  |g Адольф  |3 (RuTPU)RU\TPU\pers\35956 
702 1 |a Шуппе  |b А.  |4 730 
801 1 |a RU  |b 63413507  |c 20151223 
801 2 |a RU  |b 63413507  |c 20171201  |g RCR 
850 |a 63413507 
942 |c BK